Functional classification of towns in Gujarat (Record no. 73626)
[ view plain ]
| 000 -LEADER | |
|---|---|
| fixed length control field | 01173cam a22002891 4500 |
| 001 - CONTROL NUMBER | |
| control field | sa 67003102 |
| 003 - CONTROL NUMBER IDENTIFIER | |
| control field | DLC |
| 005 - DATE AND TIME OF LATEST TRANSACTION | |
| control field | 20260227112335.0 |
| 008 - FIXED-LENGTH DATA ELEMENTS--GENERAL INFORMATION | |
| fixed length control field | 840323s1966 ii b b 000 0 eng |
| 010 ## - LIBRARY OF CONGRESS CONTROL NUMBER | |
| LC control number | sa 67003102 |
| 025 ## - OVERSEAS ACQUISITION NUMBER | |
| Overseas acquisition number | PL480:I-E-7259 |
| 035 ## - SYSTEM CONTROL NUMBER | |
| System control number | (OCoLC)10556568 |
| 040 ## - CATALOGING SOURCE | |
| Original cataloging agency | DLC |
| Transcribing agency | NRU |
| Modifying agency | DLC |
| 042 ## - AUTHENTICATION CODE | |
| Authentication code | premarc |
| 050 00 - LIBRARY OF CONGRESS CALL NUMBER | |
| Classification number | HT147.I5 |
| Item number | J3 |
| 082 ## - DEWEY DECIMAL CLASSIFICATION NUMBER | |
| Classification number | 301.3/6/095475 |
| 100 1# - MAIN ENTRY--PERSONAL NAME | |
| Personal name | Janaki, Vengalil A. |
| 245 10 - TITLE STATEMENT | |
| Title | Functional classification of towns in Gujarat |
| Statement of responsibility, etc. | [by] V.A. Janaki. |
| 260 ## - PUBLICATION, DISTRIBUTION, ETC. | |
| Place of publication, distribution, etc. | [Baroda, |
| Name of publisher, distributor, etc. | Dept. of Geography, Faculty of Science] Maharaja Sayajirao University of Baroda |
| Date of publication, distribution, etc. | [1966] |
| 300 ## - PHYSICAL DESCRIPTION | |
| Extent | 48 p. |
| Other physical details | maps. |
| Dimensions | 29 cm. |
| 490 1# - SERIES STATEMENT | |
| Series statement | Maharaja Sayajirao University of Baroda. Research paper series: geography, |
| Volume/sequential designation | no. 2 |
| 500 ## - GENERAL NOTE | |
| General note | "Paper ... read at the Geography summer school held at Nainital (June 10th to 24, 1965) by the Department of Geography, Aligarh Muslim University." |
| 500 ## - GENERAL NOTE | |
| General note | Errata slip inserted. |
| 504 ## - BIBLIOGRAPHY, ETC. NOTE | |
| Bibliography, etc. note | Bibliographical footnotes. |
| 650 #0 - SUBJECT ADDED ENTRY--TOPICAL TERM | |
| Topical term or geographic name entry element | Cities and towns |
| Geographic subdivision | India |
| -- | Gujarat. |
| 810 2# - SERIES ADDED ENTRY--CORPORATE NAME | |
| Corporate name or jurisdiction name as entry element | Maharaja Sayajirao University of Baroda. |
| Subordinate unit | Department of Geography. |
| Title of a work | Research paper series. |
| Name of part/section of a work | geography ; |
| Volume/sequential designation | no. 2. |
No items available.